| 000 | 01161nas a2200361 4500 | ||
|---|---|---|---|
| 001 | BR2016003841 | ||
| 003 | BR-BrBNA | ||
| 005 | 20231205130603.0 | ||
| 007 | ta | ||
| 008 | 230509b bl.|||p| |||| 00| 00por d | ||
| 040 |
_aBR-BrBNA _bpor _cBiblioteca Nacional de Agricultura |
||
| 041 | _a(Pt) | ||
| 072 | _aL01; L02 | ||
| 100 | 1 | _aFernandes, J.I.M. | |
| 100 | 1 | _aLester Júnior, J.C.A. | |
| 100 | 1 | _aOliveira, B.C. de | |
| 100 | 1 | _aLima, E.T. de | |
| 100 | 1 | _aProkoski, K. | |
| 100 | 1 | _aRorig, A. | |
| 245 | 1 | _aAvaliação do efeito de ácidos orgânicos via água de bebeida durante o manejo pré-abate sobre a microbiota do inglúvio, ingestão de água e perda de peso de frangos de corte | |
| 650 | _aFRANGO DE CORTE | ||
| 650 | _aABATE | ||
| 650 | _aÁCIDO ORGÂNICO | ||
| 650 | _aÁGUA | ||
| 650 | _aBEBIDA | ||
| 650 | _aINGESTÃO | ||
| 650 | _aPERDA DE PESO | ||
| 650 | _aBACTÉRIA | ||
| 650 | _aSAMONELLA | ||
| 773 | 0 |
_tArquivos de Ciências Veterinárias e Zoologia da Unipar (Brazil) _xISSN 1415-8167 _g(Jan-Mar 2014), v. 17(1) p. 31-36 _wBR2016003841 |
|
| 909 |
_a202311 _bLúcia _c55 _dLúcia Elande |
||
| 942 |
_2AGRIS _n0 _cANA |
||
| 999 |
_c250223 _d250223 |
||